[Event "Nordstrand GP Langsjakk 2016, Åpent Oslo"]
[Site "Lambertseter gård"]
[Date "2016.04.16"]
[Round "5"]
[White "Ranaldi, Lucas"]
[Black "Pettersen, Johan"]
[Result "1-0"]
[WhiteElo "2186"]
[BlackElo "1855"]
[PlyCount "31"]
[EventDate "2016.??.??"]

1. d4 Nf6 2. Nf3 g6 3. c4 Bg7 4. Nc3 O-O 5. g3 d5 6. cxd5 Nxd5 7. Bg2 c5 8. O-O
Nc6 9. Nxd5 Qxd5 10. Be3 Qh5 11. dxc5 Bxb2 12. Rb1 Bg7 13. Qa4 Rd8 14. Rfc1 Rb8
15. Nh4 Qg4 16. Rc4 1-0

[Event "Nordstrand GP Langsjakk 2016, Åpent Oslo"]
[Site "Lambertseter gård"]
[Date "2016.04.16"]
[Round "5"]
[White "Sjøberg, Isak"]
[Black "Al-Tarbosh, Ward"]
[Result "0-1"]
[WhiteElo "1843"]
[BlackElo "2159"]
[PlyCount "30"]
[EventDate "2016.??.??"]

1. e4 e6 2. d4 d5 3. Nd2 Nf6 4. e5 Nfd7 5. f4 c5 6. c3 Nc6 7. Ndf3 Qa5 8. dxc5
Qxc5 9. Bd3 Qb6 10. Ne2 Bc5 11. b4 Bf2+ 12. Kf1 Be3 13. g3 f6 14. Bxe3 Qxe3 15.
exf6 Qxf3+ 0-1

[Event "Nordstrand GP Langsjakk 2016, Åpent Oslo"]
[Site "Lambertseter gård"]
[Date "2016.04.17"]
[Round "5"]
[White "Jakobsen, Kjetil Ansgar"]
[Black "Lund, Eyvind"]
[Result "0-1"]
[WhiteElo "2089"]
[BlackElo "1816"]
[PlyCount "172"]
[EventDate "2016.??.??"]

1. e4 c6 2. c4 d5 3. exd5 cxd5 4. cxd5 Nf6 5. Nc3 Nxd5 6. Qf3 Nf6 7. Bb5+ Nbd7
8. d4 g6 9. Nge2 Bg7 10. O-O O-O 11. Bf4 Nb6 12. h3 Nfd5 13. Be5 f6 14. Bh2 Be6
15. Rfd1 a6 16. Bd3 Qe8 17. Be4 Qf7 18. Nf4 Rfd8 19. a4 f5 20. Nxe6 Qxe6 21.
Bb1 Kh8 22. Ba2 a5 23. Rac1 Qd7 24. Be5 e6 25. Bb3 Nxc3 26. Rxc3 Rac8 27. Rc5
Rxc5 28. dxc5 Nd5 29. Qe2 Qf7 30. Bxg7+ Kxg7 31. Qe1 Qc7 32. Qxe6 Nf4 33. Qe3
Rxd1+ 34. Bxd1 Kf6 35. Bf3 Ne6 36. Qc3+ Qe5 37. c6 Qxc3 38. bxc3 bxc6 39. Bxc6
Ke5 40. f3 f4 41. Kf2 Nc5 42. Ke2 g5 43. Kd2 h6 44. Be8 Nb7 45. Kd3 Kd5 46.
Bf7+ Kc5 47. Be8 Kd5 48. Bb5 Nc5+ 49. Kd2 Nb7 50. Be8 Nd6 51. Bd7 Nc4+ 52. Ke2
Ne3 53. Kf2 Kc4 54. g3 Kxc3 55. gxf4 gxf4 56. h4 Nd5 57. Kg2 Kd2 58. Bb5 Ke1
59. Bc6 Ne3+ 60. Kg1 Ke2 61. Be4 Nc4 62. Bc6 Ne5 63. Bb7 Nxf3+ 64. Kg2 Nxh4+
65. Kh3 Ng6 66. Kg4 Ke3 67. Kh5 Ne5 68. Kxh6 f3 69. Kg5 f2 70. Bg2 Nc4 71. Kf5
Nb2 72. Ke5 Nxa4 73. Kd5 Ke2 74. Kc6 Nb6 75. Kb5 a4 76. Kb4 f1=Q 77. Bxf1+ Kxf1
78. Ka3 Ke2 79. Kb4 Kd2 80. Ka3 Kc3 81. Ka2 Kb4 82. Kb2 a3+ 83. Ka2 Nc4 84. Kb1
Kb3 85. Ka1 Ne3 86. Kb1 a2+ 0-1

[Event "Nordstrand GP Langsjakk 2016, Åpent Oslo"]
[Site "Lambertseter gård"]
[Date "2016.04.16"]
[Round "5"]
[White "Smeby, Ole"]
[Black "Reppen, Sigmund"]
[Result "*"]
[WhiteElo "1882"]
[BlackElo "2022"]
[PlyCount "90"]
[EventDate "2016.??.??"]

1. d4 d5 2. c4 dxc4 3. Nc3 e5 4. dxe5 Qxd1+ 5. Kxd1 Bb4 6. Nd5 Ba5 7. Bd2 Bb6
8. e3 Nc6 9. Bc3 Be6 10. Nf4 O-O-O+ 11. Ke1 Ba5 12. Nxe6 fxe6 13. Bxc4 Bxc3+
14. bxc3 Nxe5 15. Bxe6+ Kb8 16. Ke2 Nf6 17. Nf3 Nxf3 18. gxf3 Rhe8 19. Bf7 Re7
20. Rhd1 Rdd7 21. Rxd7 Nxd7 22. Bb3 c5 23. Rd1 Kc7 24. f4 Nf6 25. f3 b5 26. a4
a6 27. axb5 axb5 28. f5 c4 29. Bc2 Kc6 30. e4 Kc5 31. Rd8 Nd7 32. f4 b4 33.
cxb4+ Kxb4 34. e5 Kc3 35. Kd1 Nc5 36. e6 Ra7 37. Rd5 Nd3 38. Bxd3 cxd3 39. Rc5+
Kd4 40. Rc8 Ke3 41. Rc3 Kxf4 42. Rxd3 Kxf5 43. Rd7 Ra1+ 44. Ke2 Kxe6 45. Rxg7
Ra2+ *

[Event "Nordstrand GP Langsjakk 2016, Åpent Oslo"]
[Site "Lambertseter gård"]
[Date "2016.04.15"]
[Round "5"]
[White "Rukovci, Shemsi"]
[Black "Vestby-Ellingsen, Mads"]
[Result "0-1"]
[WhiteElo "2011"]
[BlackElo "1961"]
[PlyCount "152"]
[EventDate "2016.??.??"]

1. e4 e5 2. Bc4 Nf6 3. Nc3 Nxe4 4. Bxf7+ Kxf7 5. Nxe4 d5 6. Qf3+ Kg8 7. Ng5 Qd7
8. h4 Nc6 9. Ne2 e4 10. Qb3 b6 11. a3 Ba6 12. Qh3 Qxh3 13. Nxh3 d4 14. c3 d3
15. Ng3 Re8 16. O-O Na5 17. b4 Nc4 18. Re1 Bb7 19. f3 e3 20. Nf5 e2 21. Nf4 Ne5
22. Kf2 g6 23. Ne3 Bd6 24. Bb2 Nxf3 25. Nxd3 Nxe1 26. Nxe1 Kf7 27. Kxe2 Bf4 28.
g4 Bxe3 29. dxe3 Re4 30. Nf3 h6 31. c4 Rhe8 32. Bd4 Bc8 33. g5 Bg4 34. Kd3 Bf5
35. Ke2 h5 36. c5 Bg4 37. Kd3 Bxf3 38. Rf1 Rxh4 39. Rxf3+ Ke7 40. Rf6 Rg8 41.
b5 Rg4 42. Rc6 Kd7 43. Be5 Rxg5 44. Rxc7+ Ke6 45. Bd4 bxc5 46. Bxc5 Rd8+ 47.
Ke2 Rdd5 48. Be7 Rge5 49. Bb4 Rxb5 50. Rxa7 Kf5 51. Kf3 Re6 52. e4+ Kg5 53. Ra4
Kh4 54. e5 Kh3 55. Bd6 g5 56. Rd4 Rb3+ 57. Ke4 g4 58. Kf5 Re8 59. Kg5 Rh8 60.
e6 g3 61. Rh4+ Kg2 62. e7 Rb5+ 63. Kg6 Rb6 64. Kg7 Rxd6 65. Kxh8 Re6 66. Rxh5
Rxe7 67. a4 Ra7 68. a5 Kg1 69. Kg8 g2 70. Rg5 Kf2 71. Rf5+ Kg3 72. Rg5+ Kf3 73.
Kf8 Ra6 74. Kg7 Re6 75. Kf7 Rh6 76. Kg7 Rh1 0-1

[Event "Nordstrand GP Langsjakk 2016, Åpent Oslo"]
[Site "Lambertseter gård"]
[Date "2016.04.16"]
[Round "5"]
[White "Lund, Gunnar"]
[Black "Nordquelle, Daniel"]
[Result "0-1"]
[WhiteElo "1907"]
[BlackElo "1997"]
[PlyCount "42"]
[EventDate "2016.??.??"]

1. b3 e5 2. Bb2 Nc6 3. e3 d5 4. Bb5 Bd6 5. f4 Qh4+ 6. g3 Qe7 7. Nf3 f6 8. fxe5
fxe5 9. Bxc6+ bxc6 10. Nxe5 Nf6 11. Nxc6 Qe4 12. O-O Bg4 13. Nc3 Qg6 14. Ne2
Qh5 15. Rf2 Ne4 16. Rg2 O-O 17. Qe1 Ng5 18. Ncd4 c5 19. h4 Nh3+ 20. Kh2 cxd4
21. Nxd4 Qxh4 0-1

[Event "Nordstrand GP Langsjakk 2016, Åpent Oslo"]
[Site "Lambertseter gård"]
[Date "2016.04.16"]
[Round "5"]
[White "Støre, Trond"]
[Black "Svanholm, Børge W"]
[Result "1-0"]
[WhiteElo "1988"]
[BlackElo "1826"]
[PlyCount "51"]
[EventDate "2016.??.??"]

1. d4 Nf6 2. c4 g6 3. Nc3 Bg7 4. e4 d6 5. Nf3 O-O 6. Be2 e5 7. O-O Nc6 8. d5
Ne7 9. b4 Nh5 10. g3 f5 11. Ng5 Nf6 12. Bf3 c6 13. Bg2 cxd5 14. exd5 e4 15. Rb1
Ng4 16. Nb5 h6 17. Ne6 Bxe6 18. dxe6 d5 19. cxd5 Qxd5 20. Qe2 Rfc8 21. Rd1 Qxe6
22. Rd6 Qc4 23. Rd8+ Bf8 24. Qxc4+ Rxc4 25. Rxa8 a6 26. h3 1-0

[Event "Nordstrand GP Langsjakk 2016, Åpent Oslo"]
[Site "Lambertseter gård"]
[Date "2016.04.16"]
[Round "5"]
[White "Omtvedt, Per"]
[Black "Ingebretsen, Jens E"]
[Result "1/2-1/2"]
[WhiteElo "1973"]
[BlackElo "1821"]
[PlyCount "62"]
[EventDate "2016.??.??"]

1. e4 e6 2. d4 d5 3. Nd2 c5 4. exd5 Qxd5 5. Ngf3 cxd4 6. Bc4 Qd7 7. O-O Nf6 8.
Nb3 Nc6 9. Nbxd4 Bc5 10. Bb5 O-O 11. c3 Qc7 12. Nxc6 bxc6 13. Bc4 Rd8 14. Qe2
a5 15. Bg5 Qb6 16. Rad1 Rxd1 17. Rxd1 Nd5 18. Nd4 Ba6 19. Bxa6 Rxa6 20. Nb3 Bf8
21. Bd8 Qa7 22. c4 Nf4 23. Qe3 Qxe3 24. fxe3 Ng6 25. Bxa5 Ne5 26. Rc1 f6 27. h3
Nd3 28. Rb1 Ne5 29. Rc1 Nd3 30. Rb1 Ne5 31. Rc1 Nd3 1/2-1/2

[Event "Nordstrand GP Langsjakk 2016, Åpent Oslo"]
[Site "Lambertseter gård"]
[Date "2016.04.16"]
[Round "5"]
[White "Harstad, Christian"]
[Black "Haugland, Rasmus L"]
[Result "1-0"]
[WhiteElo "1963"]
[BlackElo "1951"]
[PlyCount "75"]
[EventDate "2016.??.??"]

1. d4 Nf6 2. c4 e6 3. Nc3 Bb4 4. Qc2 O-O 5. a3 Bxc3+ 6. Qxc3 d5 7. e3 b6 8. Bd3
dxc4 9. Bxc4 Bb7 10. Nf3 Nbd7 11. b4 a5 12. b5 Ne4 13. Qc2 Nd6 14. Bd3 f5 15.
Bb2 Rc8 16. Qc3 Rf7 17. a4 c5 18. bxc6 Bxc6 19. Qa3 Bxf3 20. gxf3 Nc4 21. Bxc4
Rxc4 22. Qd6 Qe7 23. Qxe7 Rxe7 24. Kd2 Nf6 25. Kd3 Rec7 26. Rhc1 Rxc1 27. Rxc1
Rxc1 28. Bxc1 Kf7 29. Kc4 Nd5 30. e4 Nf6 31. exf5 exf5 32. Bg5 Nd7 33. Bd8 Ke6
34. Bc7 f4 35. Bxf4 Nf6 36. Be5 Nd5 37. Bxg7 Kd6 38. Be5+ 1-0

[Event "Nordstrand GP Langsjakk 2016, Åpent Oslo"]
[Site "Lambertseter gård"]
[Date "2016.04.16"]
[Round "5"]
[White "Egeland, Finn"]
[Black "Afsari-Rad, Aidin"]
[Result "1-0"]
[WhiteElo "1912"]
[BlackElo "1762"]
[PlyCount "55"]
[EventDate "2016.??.??"]

1. e4 c5 2. Nf3 d6 3. d4 cxd4 4. Nxd4 Nf6 5. Nc3 a6 6. Bg5 Nbd7 7. Qe2 Qc7 8.
f4 b5 9. O-O-O Bb7 10. g4 e6 11. Bg2 Be7 12. Bxf6 Nxf6 13. g5 Nd7 14. h4 O-O
15. h5 Nc5 16. a3 Qb6 17. Bh3 b4 18. axb4 Qxb4 19. g6 Bc8 20. gxh7+ Kh8 21. Nc6
Qb7 22. Nxe7 Qxe7 23. Rhg1 Kxh7 24. e5 d5 25. f5 exf5 26. Nxd5 Qh4 27. Qg2 Rg8
28. Nf6+ 1-0

[Event "Nordstrand GP Langsjakk 2016, Åpent Oslo"]
[Site "Lambertseter gård"]
[Date "2016.04.16"]
[Round "5"]
[White "Nilsen, Tobias Lang"]
[Black "Enersen, Eirik S"]
[Result "1/2-1/2"]
[WhiteElo "1867"]
[BlackElo "1837"]
[PlyCount "76"]
[EventDate "2016.??.??"]

1. c4 e6 2. g3 Nf6 3. Bg2 c6 4. Nf3 d5 5. O-O Nbd7 6. b3 b6 7. Bb2 Bb7 8. d4
dxc4 9. bxc4 c5 10. e3 Ne4 11. a4 cxd4 12. exd4 Rc8 13. Qb3 Ba6 14. Nbd2 Nd6
15. d5 Nxc4 16. dxe6 fxe6 17. Rfe1 Nc5 18. Qa2 Nxb2 19. Qxb2 Be7 20. Rad1 Bf6
21. Qa2 Qe7 22. Ne4 Nxe4 23. Rxe4 Rc6 24. Bh3 e5 25. Nxe5 Bxe5 26. Qd5 Rd6 27.
Rxe5 Rxd5 28. Rdxd5 Qxe5 29. Rxe5+ Kf7 30. Bf1 Bxf1 $11 31. Kxf1 Re8 32. Rb5
Re6 33. f4 g6 34. Kf2 Rc6 35. a5 Rc2+ 36. Kf3 Rxh2 37. axb6 axb6 38. Rxb6 h5
$11 1/2-1/2